| 000 | 01142nam a2200337 i 4500 | ||
|---|---|---|---|
| 001 | 178012 | ||
| 003 | ES-MaACL | ||
| 005 | 20250803082222.0 | ||
| 008 | 110512s2009 sp |||| | spa d | ||
| 017 | _aM-93-2009 | ||
| 020 | _a9788446027348 | ||
| 080 | _a321.01 | ||
| 080 | _a316.614(460)"16/19" | ||
| 080 | _a323.12(460)"16/19" | ||
| 080 | _a351.83/.84(460)"16/19" | ||
| 100 | 1 |
_aVázquez García, Francisco. _9146497 |
|
| 245 | 1 | 3 |
_aLa invención del racismo _b: nacimiento de la biopolítica en España, 1600-1940 / _cFrancisco Vázquez García. |
| 260 |
_aTres Cantos, Madrid : _bAkal, _c[2009] |
||
| 300 |
_a255 p. ; _c22 cm. |
||
| 490 | 1 |
_aAkal universitaria ; _v286 |
|
| 504 | _aBibliografía: p. 223-249. | ||
| 650 | 0 | 7 |
_aBiopolítica. _9146499 |
| 650 | 7 |
_aControl social- _zEspaña. _9149993 |
|
| 650 | 0 | 4 |
_aRacismo- _zEspaña _916651 |
| 651 | 7 |
_aEspaña- _xPolítica social. _98441 |
|
| 830 | 0 |
_aAkal universitaria ; _v286 _9177901 |
|
| 852 |
_aES-MaACL _9184871 _bR.145750 _jA-11157 _dOlim: N-4162 _cDEPO1 |
||
| 942 |
_2udc _cMONOGRAFIA |
||
| 999 |
_c178012 _d178012 |
||